[Event "Budapest FS06 IM"]
[Site "Budapest"]
[Date "1997.??.??"]
[Round "9"]
[White "Aumann, Welf"]
[Black "Schlusnik, Nandor"]
[Result "1/2-1/2"]
[WhiteElo "2340"]
[BlackElo "2225"]

1.c4 b6 2.Nc3 Bb7 3.e4 e6 4.Nf3 Bb4 5.Bd3 Ne7 6.O-O O-O 7.Re1 f5 8.exf5 Nxf5
9.Be4 Nc6 10.d4 Na5 11.Bxb7 Nxb7 12.Qd3 c5 13.d5 Nd4 14.Ng5 Rf5 15.dxe6 dxe6
16.Nxe6 Qh4 17.g3 Qh5 18.Nxd4 cxd4 19.a3 Raf8 20.Bf4 Bxc3 21.bxc3 Nc5 22.Qd1 Qg6
23.cxd4 Rxf4 24.dxc5 Rxf2 25.Re2 Qf5 26.cxb6 Rxe2 27.Qxe2 Qc5+ 28.Kh1 axb6
29.Rf1 Rxf1+ 30.Qxf1 Qxa3 31.Qe2  1/2-1/2

[Event "Cannes op-B 18th"]
[Site "Cannes"]
[Date "1997.??.??"]
[Round "3"]
[White "Voiska, Margarita"]
[Black "Germes, Alain"]
[Result "1-0"]
[WhiteElo "2290"]
[BlackElo "2090"]

1.c4 b6 2.Nf3 Bb7 3.Nc3 e6 4.g3 Bxf3 5.exf3 c5 6.Bg2 Nc6 7.O-O Be7 8.f4 Rc8
9.Qa4 Nh6 10.Nb5 a5 11.d3 Nf5 12.Bd2 Nfd4 13.Bc3 O-O 14.Bxd4 cxd4 15.Bxc6 Rxc6
16.Nxd4 Rc8 17.Nf3 d5 18.Ne5 Qd6 19.Rac1 Bf6 20.Rfe1 Rfd8 21.Qb3 Rc5 22.d4 Rcc8
23.cxd5 exd5 24.a3 g6 25.Rc2 Rxc2 26.Qxc2 b5 27.Rc1 b4 28.Qc7 Qxc7 29.Rxc7 bxa3
30.bxa3 Rb8 31.Rc5 a4 32.Ra5 Rb1+ 33.Kg2 Kg7 34.Rxa4 Bd8 35.Ra7 Rd1 36.Rxf7+ Kg8
37.Rd7 Bb6 38.Rxd5 Rxd4 39.Rxd4 Bxd4  1-0

[Event "Cerrado"]
[Site "Cerrado"]
[Date "1997.??.??"]
[Round "6"]
[White "Foisor, Cristina Adela B"]
[Black "Gil Capape, Javier"]
[Result "0-1"]
[WhiteElo "2400"]
[BlackElo "2435"]

1.c4 b6 2.Nf3 Bb7 3.g3 Bxf3 4.exf3 g6 5.d4 Bg7 6.f4 Nf6 7.d5 c5 8.Nc3 d6
9.h4 O-O 10.Be2 Na6 11.h5 Nc7 12.f5 gxf5 13.h6 Bh8 14.Qd2 Re8 15.Qg5+ Kf8
16.Qxf5 e6 17.dxe6 Nxe6 18.Be3 Nd4 19.Qd3 d5 20.O-O-O Nxe2+ 21.Nxe2 Ne4 22.cxd5 Qf6
23.Nc3 Nxc3 24.Qxc3 Qxc3+ 25.bxc3 Bxc3 26.d6 Rad8 27.Rd3 Be5 28.d7 Re6 29.Rhd1 Ke7
30.f4 Bc7 31.f5 Re4 32.Bg5+ f6 33.Bf4 Bxf4+ 34.gxf4 Rd4 35.Rxd4 cxd4 36.Rxd4 Rxd7
37.Re4+ Kd6 38.Re6+ Kd5 39.Kd2 b5 40.Kc3 a5 41.Kb3 Kc5 42.Rxf6 Rd3+ 43.Kc2 Rd4
44.Rf7 Rxf4 45.Kd3 Kd5 46.Ke3 Rf1 47.Rxh7 Rxf5 48.Rh8 Rf7 49.Rg8 Rh7 50.Rg5+ Kc4
51.Rh5 Kc3 52.Ke2 b4 53.Kd1 Kb2 54.Rh2+ Kb1 55.Rh5 a4 56.Rh4 b3 57.Kd2 b2
58.Rxa4 Rxh6 59.Rb4 Kxa2 60.Rb8 b1=Q 61.Rxb1  0-1

[Event "Chicago op"]
[Site "Chicago"]
[Date "1997.??.??"]
[Round "6"]
[White "Shahade, Gregory"]
[Black "Khan, Anna"]
[Result "1/2-1/2"]
[WhiteElo "2325"]
[BlackElo "2190"]

1.c4 b6 2.d4 e6 3.e4 Bb4+ 4.Nc3 Bb7 5.Qc2 Ne7 6.Bd3 f5 7.f3 O-O 8.Ne2 Qe8
9.O-O Bxc3 10.Nxc3 Nbc6 11.Be3 Nb4 12.Qe2 Nxd3 13.Qxd3 Qg6 14.e5 a5 15.Bf2 Qg5
16.Be3 Qg6 17.Bf2 Qg5  1/2-1/2

[Event "Neckar op 1st"]
[Site "Deizisau"]
[Date "1997.??.??"]
[Round "3"]
[White "Khadempour, Farhad"]
[Black "Bagirov, Vladimir"]
[Result "1/2-1/2"]
[WhiteElo "2140"]
[BlackElo "2505"]

1.c4 b6 2.Nf3 Bb7 3.g3 Bxf3 4.exf3 c5 5.d4 cxd4 6.Qxd4 Nc6 7.Qd2 Rc8 8.b3 e6
9.Bb2 Bb4 10.Bc3 Qe7 11.Be2 Nf6 12.O-O O-O 13.a3 Bxc3 14.Nxc3 d5 15.cxd5 exd5
16.Ba6 Rcd8 17.Rfe1 Qd6 18.Nb5 Qd7 19.Nd4 Nxd4 20.Qxd4 Qd6 21.b4 Ne8 22.Rad1 Nc7
23.Bc4 a5 24.Ba2 axb4 25.axb4 Rd7 26.Rd2 Rfd8 27.Red1 h6 28.Kg2 Ne6 29.Qg4 Qe5
30.f4 Qe4+ 31.Qf3 Qxf3+ 32.Kxf3 Nc7 33.Rd4 Kf8 34.f5 Rd6 35.g4 Ke7 36.h4 Kf6
37.Kf4 g5+ 38.Kg3 Ra8 39.hxg5+ hxg5 40.R1d2 Ra3+ 41.R4d3 Rxd3+ 42.Rxd3 d4
43.f4 Na6 44.fxg5+ Kxg5 45.Bxf7 Nxb4 46.Rd2 d3 47.Bb3 Rd4 48.Bd1 Nd5 49.Kf2 b5
50.Rb2 b4 51.Ke1 Ne3 52.Rb3  1/2-1/2

[Event "FRA-chT9697 groupe A"]
[Site "France"]
[Date "1997.??.??"]
[Round "6"]
[White "Spiridonov, Nikola"]
[Black "Conquest, Stuart"]
[Result "0-1"]
[WhiteElo "2390"]
[BlackElo "2540"]

1.c4 b6 2.Nf3 Bb7 3.b3 c5 4.Bb2 d6 5.e3 Nf6 6.Be2 Nbd7 7.O-O g6 8.d4 Bg7
9.Nc3 a6 10.Qd2 cxd4 11.exd4 d5 12.Rad1 O-O 13.Ne5 dxc4 14.bxc4 Rc8 15.Qe3 Rc7
16.f4 Qa8 17.Rfe1 b5 18.cxb5 Bxg2 19.d5 Nxd5 20.Nxd5 Bxd5 21.Nxd7 Rxd7 22.Bxg7 Kxg7
23.b6 Rfd8 24.Kf2 Kg8 25.a4 a5 26.Rb1 Bc6 27.Bf3 Rd3 28.Bxc6 Qxc6 29.Qe4 Rd2+
30.Kf1 Qc5  0-1

[Event "Oberliga Nord N9697"]
[Site "Germany"]
[Date "1997.??.??"]
[Round "?"]
[White "Laqua, Christian"]
[Black "Cording, Thomas"]
[Result "0-1"]
[WhiteElo "2210"]
[BlackElo "2195"]

1.c4 b6 2.Nc3 e6 3.e4 Bb7 4.Nf3 Bb4 5.Qb3 Na6 6.Be2 Ne7 7.d3 O-O 8.O-O d5
9.cxd5 exd5 10.Bg5 f6 11.Bh4 Kh8 12.Rac1 Ng6 13.Bg3 Bxc3 14.Qxc3 c5 15.a3 Rc8
16.Nd2 Nc7 17.Bg4 Nb5 18.Qb3 Nd4 19.Qa2 f5 20.exf5 Nxf5 21.Rfe1 Qg5 22.Bxf5 Qxf5
23.Rcd1 Rce8 24.Qb3 Nf4 25.Bxf4 Qxf4 26.Nf3 d4 27.Rxe8 Rxe8 28.Re1 Rf8 29.Qd1 h5
30.Re5 Bxf3 31.Rxh5+ Bxh5 32.Qxh5+ Kg8  0-1

[Event "BL2-W9798"]
[Site "Germany"]
[Date "1997.??.??"]
[Round "?.6"]
[White "Woerdemann, Martin"]
[Black "Jackelen, Thomas"]
[Result "1/2-1/2"]
[WhiteElo "2290"]
[BlackElo "2370"]

1.c4 b6 2.Nf3 Bb7 3.g3 Bxf3 4.exf3 c5 5.Bg2 Nc6 6.f4 Rc8 7.O-O e6 8.Nc3 Nge7
9.Re1 Nf5 10.Nd5 g6 11.Ne3 Nfd4 12.a3 Bg7 13.Rb1 O-O 14.b4 d6 15.Bb2 Qc7
16.d3 Rfd8 17.h4 h5 18.b5 Ne7 19.Bxd4 Bxd4 20.Qf3 d5 21.f5 Nxf5 22.Nxf5 gxf5
23.Kf1 dxc4 24.dxc4 Bg7 25.Qxh5 Rd3 26.Rbd1 Rcd8 27.Rxd3 Rxd3 28.Rd1 Rd4
29.Rxd4 cxd4 30.Qe2 Qd6 31.Qd3 Bf8 32.a4 Bg7 33.Bf3 Qb4 34.Bd1 Kf8 35.Kg2 Qe1
36.Bf3 Qc1 37.h5 Qc3 38.Qxc3 dxc3 39.Bd1 Ke7 40.Kf1 Kd6 41.Ke2 Kc5 42.Kd3 Kb4
43.f3 Be5 44.g4 fxg4 45.fxg4 Bf4 46.Bc2 Bh6 47.Kd4 Bg5 48.Bd1 f5 49.gxf5 exf5
50.Kd3 Bh6 51.Be2 Bg7 52.Kc2 Kxa4 53.h6 Be5 54.Bd3 f4 55.Be4 Kb4 56.Bd5 Kc5
57.Kd3 Kb4 58.Kc2 Ka5 59.Kb3 a6 60.Bc6 axb5 61.cxb5 Bf6 62.h7 Bg7 63.Bd7 f3
64.Bg4 Kxb5  1/2-1/2

[Event "Oberliga Ost B9798"]
[Site "Germany"]
[Date "1997.??.??"]
[Round "?.1"]
[White "Hess, Ralf"]
[Black "Grabarczyk, Miroslaw"]
[Result "1/2-1/2"]
[WhiteElo "2360"]
[BlackElo "2480"]

1.c4 b6 2.d4 Nf6 3.f3 c5 4.d5 g6 5.e4 d6 6.Nc3 Bg7 7.Bd3 O-O 8.Nge2 a6 9.Bg5 Nbd7
10.Ng3 h6 11.Bf4 Ne5 12.Be2 e6 13.dxe6 Bxe6 14.b3 Nc6 15.Qd2 Nd4 16.h4 h5
17.Rd1 Re8 18.Bg5 Qc7 19.O-O Nh7 20.Bd3 Nxg5 21.hxg5 d5 22.exd5 Qxg3 23.Ne4 Qh4
24.dxe6 Nxe6 25.g3 Qh3 26.Qh2 Qxh2+ 27.Kxh2 Rad8 28.Kg2 Rd4 29.Bc2 a5 30.f4 Rxd1
31.Rxd1 Nd4 32.Bd3 Kf8 33.Nc3 Nf5 34.Nd5 Ne3+ 35.Nxe3 Rxe3 36.Bf1 Bd4 37.Rd2 Re1
38.Be2 Rc1 39.Bd3 Rg1+ 40.Kf3 Bc3 41.Rg2 Rd1 42.Bc2 Rd4 43.Re2 a4 44.Re3 axb3
45.axb3 Bb2 46.Rd3  1/2-1/2

[Event "GER-chJ NRW 9697"]
[Site "Germany"]
[Date "1997.??.??"]
[Round "6"]
[White "Bosch, David"]
[Black "Breder, Dennis"]
[Result "1/2-1/2"]
[WhiteElo "2205"]
[BlackElo "2150"]

1.c4 b6 2.Nc3 e6 3.e4 Bb7 4.Nf3 Bb4 5.d3 Ne7 6.a3 Bxc3+ 7.bxc3 O-O 8.Be2 d5
9.cxd5 exd5 10.e5 c5 11.d4 Ba6 12.Bg5 Bxe2 13.Qxe2 Qc7 14.Bxe7 Qxe7 15.O-O Nc6
16.Qd3 cxd4 17.cxd4 Na5 18.Nd2 Rac8 19.f4 Qc7 20.Rf3 Qc2 21.Qe3 Qb2 22.Rd1 Rc2
23.Rg3 Rfc8 24.f5 R2c3 25.Qf4 Rxg3 26.hxg3 Qxa3 27.f6 Qf8 28.Nf3 Nc4 29.Re1 Re8
30.Qf5 a5 31.Ng5 g6 32.Qh3 h6 33.Kf2 a4 34.e6 fxe6 35.f7+ Kg7 36.Nxe6+ Rxe6
37.Qxe6 Qxf7+ 38.Qxf7+ Kxf7 39.Ke2 Kf6 40.Kd3 Kf5 41.Kc3 g5 42.Re8 Kg4 43.Rd8 a3
44.Kb3 Kxg3 45.Rxd5 Kxg2 46.Re5 Nd6 47.d5 g4 48.Re6 Nf5 49.Rf6 Nd4+ 50.Kxa3 h5
51.Rh6 g3 52.Rxh5 Kf2 53.Rg5 g2 54.Kb4 g1=Q 55.Rxg1 Kxg1 56.d6 Kf2 57.d7 Ne6
58.Kb5 Ke3 59.Kxb6 Ke4  1/2-1/2

[Event "Haarlem op"]
[Site "Haarlem"]
[Date "1997.??.??"]
[Round "1"]
[White "Van de Klashorst, Fred"]
[Black "Pliester, Leon"]
[Result "0-1"]
[WhiteElo "2120"]
[BlackElo "2390"]

1.c4 b6 2.Nf3 Bb7 3.Nc3 e6 4.e4 Bb4 5.Qc2 Ne7 6.Bd3 O-O 7.e5 Bxf3 8.gxf3 Ng6
9.Be4 Nc6 10.Bxc6 dxc6 11.Qe4 Bc5 12.Ne2 Qd7 13.d4 Rad8 14.Be3 Bb4+ 15.Kf1 Be7
16.h4 f5 17.exf6 gxf6 18.h5 f5 19.Qd3 Nh4 20.Bh6 Rf7 21.Qe3 c5 22.Qe5 Bf6
23.Qg3+ Kh8 24.Rxh4 Rg8 25.Qh2 cxd4 26.Rxd4 Bxd4 27.Rd1 e5 28.Rxd4 exd4 29.Qe5+ Rfg7
30.Nxd4 c5 31.Bxg7+ Qxg7 32.Qxg7+ Kxg7 33.Nxf5+ Kf6 34.Ng3 Ke5 35.Ne2 Rd8
36.Ke1 Rd3 37.Ng1 Rd4 38.Ne2 Rxc4 39.Kd2 Rh4 40.Ng3 Kf4 41.Ke2 c4  0-1

[Event "HUN-chT 9798"]
[Site "Hungary"]
[Date "1997.??.??"]
[Round "?"]
[White "Erdelyi, Tamas"]
[Black "Jamrich, Gyorgy"]
[Result "0-1"]
[WhiteElo "2300"]
[BlackElo "2235"]

1.c4 b6 2.e4 Bb7 3.Qe2 c5 4.Nf3 Nc6 5.g3 g6 6.Bg2 Bg7 7.O-O e6 8.Nc3 Nge7
9.d3 O-O 10.Bf4 d6 11.Nb5 Nc8 12.Bg5 Qd7 13.Bh3 a6 14.Nc3 Qc7 15.Qd2 Re8
16.Bh6 Bh8 17.Ng5 Nd4 18.f4 f6 19.Nf3 f5 20.Ng5 b5 21.Rae1 Nb6 22.b3 b4 23.Ne2 a5
24.g4 a4 25.Qd1 axb3 26.axb3 Ra2 27.gxf5 exf5 28.Nxd4 Bxd4+ 29.Kh1 Bc3 30.Re2 Ra1
31.Qc2 Rxf1+ 32.Bxf1 Ra8 33.Nf3 Ra1 34.Kg1 Qd7 35.Kf2 fxe4 36.dxe4 Rxf1+
37.Kxf1 Qh3+ 38.Kf2 Qxh6 39.Qd3 Qxf4 40.h3 Nd7  0-1

[Event "World Cities"]
[Site "Jakarta "]
[Date "1997.??.??"]
[Round "6"]
[White "Sitanggang, Salor"]
[Black "Gunawan, Ruben"]
[Result "1-0"]
[WhiteElo "2410"]
[BlackElo "2460"]

1.c4 b6 2.Nc3 e6 3.e4 Bb7 4.a3 c5 5.Nge2 Nf6 6.f3 d5 7.cxd5 exd5 8.exd5 Be7
9.d4 O-O 10.dxc5 Bxc5 11.Bg5 Nbd7 12.Qb3 h6 13.Bxf6 Nxf6 14.O-O-O Re8 15.Ng3 Rc8
16.Kb1 Re3 17.Nf5 Re5 18.g4 g6 19.f4 Re8 20.Nxh6+ Kg7 21.g5 Ne4 22.Bb5 Re7
23.Nxe4 Rxe4 24.Bc6 Rc7 25.Bxb7 Rxb7 26.Qc3+ Kh7 27.Ng4  1-0

[Event "RUS-ch (Women) sf"]
[Site "Kolontaevo"]
[Date "1997.??.??"]
[Round "?"]
[White "Borovik, Irina"]
[Black "Lomakina, Galja"]
[Result "1/2-1/2"]
[WhiteElo "2180"]
[BlackElo "2135"]

1.c4 b6 2.Nf3 Bb7 3.g3 e6 4.Bg2 Nf6 5.Nc3 Bb4 6.O-O O-O 7.d3 Bxc3 8.bxc3 c5
9.Qb3 Nc6 10.Bf4 d6 11.Rab1 e5 12.Be3 e4 13.Nd2 exd3 14.exd3 Na5 15.Qd1 d5
16.Nb3 Nxb3 17.Rxb3 Qc8 18.Rb1 Rd8 19.Qf3 Bc6 20.Bg5 Rd6 21.Qf4 Qd7 22.Rfe1 dxc4
23.Bxc6 Qxc6 24.Qxc4 h6 25.Bf4 Rd7 26.d4 Rc8 27.dxc5 Qxc5 28.Qxc5 Rxc5 29.Rec1 Rc4
30.Kf1 Ne4 31.Be5 Rd2 32.Bd4 Ng5 33.a3 Nf3 34.Rd1 Rxd1+ 35.Rxd1 Ra4 36.Be3 Rxa3
37.Rd8+ Kh7 38.Ra8 Ra5 39.Kg2 Ne1+ 40.Kf1 Nc2 41.Bf4 b5 42.Ke2 Ra2 43.Kd1 b4
44.cxb4 Nxb4 45.Be3 a6 46.Ra7 Kg6 47.h4 h5 48.Rd7 a5 49.Bd2 f6 50.Ra7 Nd3
51.Rxa5 Rxa5 52.Bxa5 Nxf2+ 53.Ke2 Ne4 54.Kf3 Kf5 55.Bb4 g5 56.hxg5 Nxg5+
57.Kg2 Kg4 58.Be7 Ne4 59.Bd8 f5 60.Bc7  1/2-1/2

[Event "Anibal op 4th"]
[Site "Linares"]
[Date "1997.??.??"]
[Round "4"]
[White "Dgebuadze, Alexandre"]
[Black "Bagirov, Vladimir"]
[Result "1/2-1/2"]
[WhiteElo "2415"]
[BlackElo "2505"]

1.c4 b6 2.d4 e6 3.Nc3 Bb7 4.e4 Bb4 5.Bd3 f5 6.d5 fxe4 7.Bxe4 Nf6 8.Bf3 Bxc3+
9.bxc3 O-O 10.Ne2 e5 11.Ng3 d6 12.O-O Nbd7 13.Be3 Qe8 14.Qc2 Qf7 15.Be2 Rae8
16.Bd3 Bc8 17.Rae1 Nc5 18.Bxc5 bxc5 19.Qa4 a6 20.Qa5 g6 21.f3 Qd7  1/2-1/2

[Event "Ljubljana op"]
[Site "Ljubljana"]
[Date "1997.??.??"]
[Round "2"]
[White "Sher, Miron N"]
[Black "Jazbinsek, Sebastjan"]
[Result "1-0"]
[WhiteElo "2470"]
[BlackElo "2175"]

1.c4 b6 2.d4 e6 3.e4 Bb7 4.Nd2 Bb4 5.Qc2 Qh4 6.Bd3 Qg4 7.Kf1 Nc6 8.Ndf3 f6
9.Ne2 O-O-O 10.Nf4 Bd6 11.h3 Qxf4 12.Bxf4 Bxf4 13.a3 Kb8 14.b4 Nge7 15.g3 Bh6
16.Kg2 f5 17.d5 fxe4 18.Bxe4 exd5 19.cxd5  1-0

[Event "Ljubljana"]
[Site "Ljubljana"]
[Date "1997.??.??"]
[Round "5"]
[White "Farago, Ivan"]
[Black "Barle, Janez"]
[Result "1/2-1/2"]
[WhiteElo "2440"]
[BlackElo "2450"]

1.c4 b6 2.d4 e6 3.a3 c5 4.d5 exd5 5.cxd5 Ba6 6.Nc3 d6 7.g3 g6 8.Qa4+ Qd7
9.Qc2 Bg7 10.Bh3 Qe7 11.Qa4+ Kf8 12.Bf4 Bxc3+ 13.bxc3 Kg7 14.Bg2 Nf6 15.Rd1  1/2-1/2

[Event "Ljubljana op"]
[Site "Ljubljana"]
[Date "1997.??.??"]
[Round "6"]
[White "Ceko, Jovan"]
[Black "Barle, Janez"]
[Result "0-1"]
[WhiteElo "2280"]
[BlackElo "2450"]

1.c4 b6 2.Nc3 e6 3.d4 Bb4 4.Qc2 Bb7 5.a3 Bxc3+ 6.Qxc3 Ne7 7.Nf3 O-O 8.g3 d6
9.Bg2 Nd7 10.O-O Nf6 11.b4 h6 12.Bb2 Be4 13.Nd2 Bxg2 14.Kxg2 c6 15.b5 cxb5
16.cxb5 Qd7 17.Qd3 Qb7+ 18.Kg1 Rfc8 19.Rfc1 Ng6 20.a4 d5 21.Nb3 Ne4 22.Ba3 f5
23.f3 Nf6 24.Bb4 Kf7 25.Nd2 Qd7 26.Nf1 f4 27.Qd2 fxg3 28.hxg3 Ne8 29.Ne3 Rc7
30.Kf2 Rac8 31.Rxc7 Rxc7 32.Rc1 a6 33.Rxc7 Nxc7 34.bxa6 Qxa4 35.Bd6 Nb5 36.Bb8 Qxa6
37.Ng4 Qc8 38.Ne5+ Nxe5 39.Bxe5 Na3 40.Qf4+ Kg8 41.Qg4 Qd7 42.Bxg7 h5 43.Qg6 Qxg7
44.Qxe6+ Qf7 45.Qxb6 Nc4 46.Qd8+ Kh7 47.Qg5 Nd6 48.Qe5 Nf5 49.Qf4 Qf6 50.e3 Qe6
51.Qg5 Ng7 52.Qf4 Qb6 53.Kg2 Qb2+ 54.Kh3 Qc1 55.Kg2 Qd2+ 56.Kg1 Qe2 57.g4 h4
58.g5 h3 59.Qh4+ Kg8 60.Qxh3 Qxe3+ 61.Kf1 Qxg5  0-1

[Event "Rheinhessen-ch H2 op"]
[Site "Mainz"]
[Date "1997.??.??"]
[Round "4"]
[White "Fox, Dennis"]
[Black "Lantzsch, Christian"]
[Result "1/2-1/2"]
[WhiteElo "1098"]
[BlackElo "1478"]

1.c4 b6 2.Nc3 Bb7 3.Nf3 Nf6 4.g3 e6 5.Bg2 Be7 6.O-O Nc6 7.d3 O-O 8.d4 Bb4
9.Ne5 Bxc3 10.bxc3 Ne8 11.Nxc6 Bxc6 12.Bxc6 dxc6 13.Ba3 Nd6 14.e4 Re8 15.Bxd6 cxd6
16.d5 c5 17.dxe6 Rxe6 18.f3 h5 19.Qd3 Qe7 20.Rad1 Rd8 21.Qc2 h4 22.gxh4 Qxh4
23.Rd3 Qe7 24.Rf2 Rd7 25.Rfd2 Rg6+ 26.Rg2 Rxg2+ 27.Kxg2 Qg5+ 28.Kh1 g6 29.Qd1 Qf6
30.a3 Kg7 31.Qd2 Qe7 32.Rd5 Rd8 33.Qd3 f6 34.f4 Re8 35.e5 f5 36.Rxd6 Qf7
37.Qd5 Re7 38.Qxf7+ Kxf7 39.Kg2 Rb7 40.Kg3 b5 41.cxb5 Rxb5 42.Rd7+ Ke6 43.Rxa7 Rb3
44.Kh4 Rxc3 45.a4 c4 46.Ra6+ Kf7 47.Kg5 Rh3 48.Ra7+ Ke6 49.Rc7 c3 50.a5 Rxh2
51.Rxc3 Rg2+ 52.Kh6 Rg4 53.a6 Rxf4 54.Ra3 Kxe5 55.a7 Kf6 56.Ra6+ Kf7 57.Rxg6 Rh4+
58.Kg5 Ra4 59.Rf6+ Kg7 60.Rg6+ Kh7  1/2-1/2

[Event "Carlos Torre mem op"]
[Site "Merida"]
[Date "1997.??.??"]
[Round "8"]
[White "Blanco Sing, Israel"]
[Black "Arencibia, Walter"]
[Result "0-1"]
[WhiteElo "2395"]
[BlackElo "2550"]

1.c4 b6 2.Nc3 e6 3.Nf3 Bb7 4.e4 Bb4 5.Qc2 Ne7 6.a3 Bxc3 7.dxc3 O-O 8.h4 d6
9.Ng5 Nd7 10.Be3 Nf6 11.f3 a5 12.O-O-O e5 13.g4 a4 14.h5 Nd7 15.Bh3 h6 16.Ne6 fxe6
17.g5 hxg5 18.Bxe6+ Kh8 19.Bxg5 Nc5 20.Bf5 Bc8 21.Bg6 Ne6 22.Be3 Nf4 23.Qh2 Ng8
24.h6 gxh6 25.Rdg1 Be6 26.Be8 Rf6 27.Bc6 Rb8 28.Bxa4 Qf8 29.Kb1 Bxc4 30.Bd7 Be6
31.Bxe6 Rxe6 32.Rg4 Rf6 33.Rhg1 Ne7 34.Rh4 Kh7  0-1

[Event "Mondariz op"]
[Site "Mondariz"]
[Date "1997.??.??"]
[Round "?"]
[White "Guevara Pijuan, Josep"]
[Black "Baron Rodriguez, Jesus"]
[Result "0-1"]
[WhiteElo "2175"]
[BlackElo "2380"]

1.c4 b6 2.Nc3 Bb7 3.d4 e6 4.a3 Nf6 5.Bg5 d5 6.cxd5 exd5 7.Nf3 Be7 8.e3 Nbd7
9.Be2 O-O 10.O-O Ne4 11.Bxe7 Qxe7 12.Rc1 a5 13.Qb3 Ndf6 14.Rc2 Rac8 15.Rfc1 Nxf2
16.Nb5 a4 17.Qc3 N2g4  0-1

[Event "EU-chT (Women)"]
[Site "Pula"]
[Date "1997.??.??"]
[Round "7"]
[White "Ioseliani, Nana"]
[Black "Matveeva, Svetlana"]
[Result "1/2-1/2"]
[WhiteElo "2510"]
[BlackElo "2475"]

1.c4 b6 2.Nc3 Bb7 3.e4 e6 4.Nf3 Bb4 5.Bd3 Ne7 6.O-O O-O 7.Bc2 f5 8.Qe2 Bxc3
9.bxc3 Bxe4 10.Bxe4 fxe4 11.Qxe4 Nbc6 12.d4 Nf5 13.d5 Na5 14.dxe6 Qe7 15.c5 Qxe6
16.Qxe6+ dxe6 17.Re1 Rfe8 18.Bf4 Nb7 19.g4 Ne7 20.Bxc7 Nxc5 21.Rad1 Nd5 22.Be5 b5
23.Ng5  1/2-1/2

[Event "SVK-chT1W 9798"]
[Site "SVK"]
[Date "1997.??.??"]
[Round "?"]
[White "Abel, Peter"]
[Black "Lipka, Juraj"]
[Result "1/2-1/2"]
[WhiteElo "2285"]
[BlackElo "2365"]

1.c4 b6 2.Nc3 e6 3.e4 Bb7 4.d3 g6 5.g3 Bg7 6.Bg2 Ne7 7.Nge2 c5 8.Be3 Nbc6
9.Rb1 d6 10.O-O O-O 11.d4 Qb8 12.b3 cxd4 13.Nxd4 Rd8 14.Nxc6 Bxc6 15.Qd3 Qb7
16.Rfe1 Rac8 17.Rbd1 Qa6 18.Rd2 Qa5 19.Bd4 Bh6 20.Be3 Bg7 21.Bd4 Bh6 22.Rde2 Rd7
23.Bf6 Bg7 24.Bxg7 Kxg7 25.Nd5 Ng8 26.Bh3 Rdd8 27.Qd4+ Kf8 28.Ne3 Qe5 29.Nc2 Nf6
30.f4 Qc5 31.Re3 Qxd4 32.Nxd4 Bd7 33.Nf3 Ne8 34.Rd1 b5 35.Bf1 b4 36.Kf2 Bc6
37.h3 Nf6 38.Bd3 Nd7 39.Bc2 Nc5 40.Re2 Ke7 41.Ke3 f6 42.e5 dxe5 43.fxe5 Bxf3
44.exf6+ Kxf6 45.Rxd8 Rxd8 46.Kxf3 Rd4  1/2-1/2

[Event "SWZ-chT9697"]
[Site "SWZ"]
[Date "1997.??.??"]
[Round "?"]
[White "Von Allmen, Alain"]
[Black "Walti, Rolf"]
[Result "1-0"]
[WhiteElo "2200"]
[BlackElo "2205"]

1.c4 b6 2.d4 e6 3.Nf3 Bb7 4.g3 Bxf3 5.exf3 Nf6 6.Bg2 Bb4+ 7.Nc3 O-O 8.O-O d5
9.Qb3 Bxc3 10.Qxc3 Nbd7 11.f4 c6 12.b3 Re8 13.Qd3 Rc8 14.Bb2 Nf8 15.Rac1 Qd7
16.Rfd1 Ng6 17.a4 Ne7 18.c5 Qb7 19.Ba3 Rb8 20.b4 bxc5 21.dxc5 a5 22.Rb1 axb4
23.Rxb4 Qa7 24.Rxb8 Rxb8 25.Rb1 Rxb1+ 26.Qxb1 Nd7 27.Qb4 f6 28.Bf1 e5 29.fxe5 Nxe5
30.a5 Nc4 31.Bxc4 dxc4 32.Qxc4+ Nd5 33.a6 h5 34.Qa4 Nc7 35.Qxc6 Nxa6 36.Qe6+ Kh7
37.Qb6 Qa8 38.c6 Nb8 39.c7 Nd7 40.Qb3 Qc6 41.Qb8 Qe4 42.Qb4 Qxb4 43.Bxb4 Nb6
44.f4 Kg6 45.Kf2 Kf5 46.Ba5 Nc8 47.Kf3 Ke6 48.h3 f5 49.Bc3 g6 50.Be5 g5 51.Ke3 Kd5
52.Kd3 g4 53.hxg4 hxg4 54.Kc3 Ke4 55.Kc4 Kf3 56.Kd5 Kxg3 57.Ke6 Kf3 58.Kxf5 g3
59.Bd4 g2 60.Bc5 Ne7+ 61.Ke6  1-0

[Event "ROM-chT"]
[Site "Tusnad"]
[Date "1997.??.??"]
[Round "?"]
[White "Foisor, Ovidiu"]
[Black "Marin, Mihail"]
[Result "0-1"]
[WhiteElo "2440"]
[BlackElo "2545"]

1.c4 b6 2.b3 Bb7 3.Bb2 e6 4.e3 f5 5.Nf3 Nf6 6.g3 g5 7.Bg2 Bg7 8.O-O g4 9.Nh4 Bxg2
10.Kxg2 Nc6 11.f3 Qe7 12.Nc3 O-O 13.Qe2 Ne5 14.d4 Ng6 15.Nxg6 hxg6 16.e4 Rae8
17.f4 fxe4 18.Nxe4 Nxe4 19.Qxe4 g5 20.Rae1 Rf5 21.fxg5 Rxf1 22.Rxf1 Qxg5
23.Rf4 Rf8 24.Bc1 Rxf4 25.Bxf4 Qa5 26.Qe2 Qf5 27.d5 exd5 28.Bxc7 dxc4 29.bxc4 d5
30.Bf4 d4 31.h3 gxh3+ 32.Kh2 d3 33.Qe7 Bf8 34.Qd8 Kf7 35.a4 Be7 36.Qd4 Bb4  0-1

[Event "Vlissingen HZ op"]
[Site "Vlissingen"]
[Date "1997.??.??"]
[Round "3"]
[White "Kogan, Artur"]
[Black "Groffen, Hans"]
[Result "1-0"]
[WhiteElo "2500"]
[BlackElo "2225"]

1.c4 b6 2.d4 e6 3.Nc3 Bb4 4.Qb3 a5 5.Nf3 Bb7 6.Bg5 Nf6 7.Nd2 h6 8.Bh4 d6
9.f3 Nc6 10.e3 Qe7 11.Bd3 g5 12.Bf2 h5 13.O-O h4 14.Nde4 Bxc3 15.Qxc3 Rg8
16.d5 Nxe4 17.Bxe4 Ne5 18.f4 Nd7 19.Bh7 Rf8 20.dxe6 Qxe6 21.e4 gxf4 22.Bf5 Qh6
23.Qh3 Ne5 24.Qxh4 Rh8 25.Qxh6 Rxh6 26.Bd4 Rh4 27.c5 bxc5 28.Bxe5 dxe5 29.Rac1 Bc8
30.Bxc8 Rxc8 31.Rxc5 f6 32.Rxa5 Rb8 33.b3 Rb4 34.Rc1 Rh7 35.Rc4 Rxc4 36.bxc4 Kd7
37.Ra6 Rh6 38.h3 Rg6 39.Kf2 Kc8 40.c5 Kd7 41.a3 Rg3 42.h4 Rg4 43.h5 Rh4 44.Rxf6 Rxh5
45.Rf5 Rh6 46.Rxe5 Ra6 47.Kf3  1-0

[Event "Vlissingen HZ op"]
[Site "Vlissingen"]
[Date "1997.??.??"]
[Round "4"]
[White "Horvath, Gyula"]
[Black "Tagnon, Nicole"]
[Result "1-0"]
[WhiteElo "2460"]
[BlackElo "2095"]

1.c4 b6 2.d4 e6 3.a3 Bb7 4.Nc3 Nf6 5.d5 c5 6.e4 exd5 7.cxd5 d6 8.f4 a6 9.Nf3 g6
10.e5 dxe5 11.fxe5 Ng4 12.Bg5 Be7 13.Bf4 h5 14.d6 Bh4+ 15.g3 g5 16.Bc1 Nxh2
17.Rxh2 Bxg3+ 18.Rf2 g4 19.Ng5 Rg8 20.Nce4 Bxf2+ 21.Kxf2 Nd7 22.Bf4 f5 23.Qb3 g3+
24.Kg1 Rg7 25.Qe6+ Kf8 26.Bc4 Bxe4  1-0

[Event "Zagorovsky mem op"]
[Site "Voronezh"]
[Date "1997.??.??"]
[Round "?"]
[White "Volodin, Alexey"]
[Black "Panchenko, Alexander N"]
[Result "1/2-1/2"]
[WhiteElo "2295"]
[BlackElo "2425"]

1.c4 b6 2.Nc3 e6 3.e4 Bb7 4.Nf3 c5 5.d4 cxd4 6.Nxd4 a6 7.Nc2 Qc7 8.Bd3 Nf6
9.O-O Be7 10.Qd2 O-O 11.b3 d6 12.Bb2 Nbd7 13.Rfe1 Nc5 14.f3 Rad8 15.Bf1 Rfe8
16.Ne3 Bc6 17.b4 Ncd7 18.Rac1 Bb7 19.a3 Qb8 20.Red1 h6 21.Qf2 Rc8 22.g4 Ne5
23.h4 g5 24.h5 Nfd7 25.Kg2 Rf8 26.Be2 Bd8 27.Rd2 Be7 28.Ba1 Qa7  1/2-1/2

[Event "Ubeda op"]
[Site "Ubeda"]
[Date "1998.01.23"]
[Round "4"]
[White "Wohl, Aleksandar H"]
[Black "Lalic, Bogdan"]
[Result "0-1"]
[WhiteElo "2440"]
[BlackElo "2545"]

1.c4 b6 2.d4 Bb7 3.d5 e6 4.Nc3 Bb4 5.Bd2 Nf6 6.e4 O-O 7.e5 Bxc3 8.Bxc3 Ne4
9.Nf3 d6 10.Bb4 Re8 11.Qd4 exd5 12.cxd5 Ng5 13.O-O-O Nxf3 14.gxf3 c5 15.dxc6 Nxc6
16.Qxd6 Nxb4 17.Qxb4 Qc8+ 18.Kb1 Bxf3 19.Bd3 Bxh1 20.Rxh1 Rxe5 21.Be4 Qf8
22.Qd4 Rae8  0-1

[Event "Budapest FS02 IM"]
[Site "Budapest"]
[Date "1998.02.18"]
[Round "12"]
[White "Karatorossian, David"]
[Black "Franchini, Gabriele"]
[Result "1-0"]
[WhiteElo "2375"]
[BlackElo "2155"]

1.c4 b6 2.Nc3 Bb7 3.Nf3 e6 4.g3 Bxf3 5.exf3 c5 6.d4 cxd4 7.Qxd4 Nc6 8.Qd1 Rc8
9.Bd2 Qf6 10.f4 Nh6 11.Bg2 Na5 12.b3 d5 13.O-O dxc4 14.b4 Nc6 15.Qa4 e5 16.fxe5 Qe6
17.Bd5 Qd7 18.e6 Qc7 19.Bxh6  1-0

[Event "Neckar op 2nd"]
[Site "Deizisau"]
[Date "1998.04.10"]
[Round "6"]
[White "Blum, Gernot"]
[Black "Scherer, Max"]
[Result "0-1"]
[WhiteElo "2135"]
[BlackElo "2295"]

1.c4 b6 2.Nc3 Bb7 3.e4 e6 4.d4 Bb4 5.Bd3 f5 6.Qe2 Nf6 7.Bg5 fxe4 8.Bxe4 Bxc3+
9.bxc3 Bxe4 10.Bxf6 Qxf6 11.Qxe4 O-O 12.Nf3 Nc6 13.O-O Qf4 14.Rfe1 Na5 15.Qd3 Qf5
16.Qe2 Rf6 17.Ne5 d6 18.Ng4 Rg6 19.Ne3 Qg5 20.Qd3 Rf8 21.Rab1 h5 22.Rb5 c5
23.Rb2 Nc6 24.Qe4 d5 25.cxd5 Rf4 26.dxc6 Rxe4  0-1

[Event "Dreifluesse op"]
[Site "Passau"]
[Date "1998.04.10"]
[Round "1"]
[White "Wimmer, Alfred"]
[Black "Mueller, Christian"]
[Result "1-0"]
[WhiteElo "2105"]
[BlackElo "2003"]

1.c4 b6 2.e4 Bb7 3.Nc3 e6 4.Nf3 Bb4 5.Qc2 c5 6.Nb5 d6 7.a3 Ba5 8.Qd3 Ke7
9.Ng5 Nh6 10.f4 a6 11.Nc3 Nc6 12.Rb1 Bxc3 13.dxc3 a5 14.a4 f6 15.Nh3 Nf7
16.Be2 Qd7 17.Be3 Rae8 18.Rd1 Kd8 19.O-O Kc7 20.Qc2 Qe7 21.Bf3 e5 22.f5 g5
23.Bh5 Rd8 24.Nf2 Rhg8 25.Ng4 Rg7 26.Bf2 Nb8 27.Ne3 Na6 28.Be2 Kb8 29.Nd5 Bxd5
30.cxd5 Ka7 31.Bxa6 Kxa6 32.b4 Qc7 33.bxa5 bxa5 34.Rb1 Rgg8 35.Rb5 Rb8 36.Rfb1 Rxb5
37.Rxb5 Rb8 38.Qb2 Rb6 39.c4 Qb7 40.Qe2 Nd8 41.Qh5 Qf7 42.Qh6 Rxb5 43.cxb5+ Kb7
44.h4 g4 45.h5 Kb8 46.Bh4 c4 47.Qxf6 Qxf6 48.Bxf6 c3 49.Bg5 Kc8 50.Kf2 Kd7
51.Bxd8  1-0